La historia interminable: de la A a la Z

Salvato in:
Dettagli Bibliografici
Autore principale: Ende, Michael (Autore)
Natura: Libro
Lingua:spagnolo
Pubblicazione: Bogotá Alfaguara 1992
Edizione:1a. ed
Soggetti:
Tags: Aggiungi Tag
Nessun Tag, puoi essere il primo ad aggiungerne!!

MARC

LEADER 00000cam a2200000 a 4500
001 UCE8684
003 CL-VaPUC
008 150827e19920000ck |||||||||||||||||spa|d
020 |a 9582401028 
082 0 4 |a 833  |b END  |2 21 
100 0 |a Ende, Michael  |e author  |9 237 
245 1 3 |a La historia interminable: de la A a la Z 
250 |a 1a. ed 
300 |a 419 p 
942 |c BK 
945 |d 20150827 16:13:00  |a dcastane 
260 |a Bogotá  |b Alfaguara  |c 1992 
650 0 |a Novelas alemanas   |9 265783 
650 0 |a Literatura alemana   |9 265457 
650 7 |a NOVELAS FANTASTICAS  |2 CL-VaPUC  |9 376979 
583 |a last modification  |c 20150827 16:13:00  |k Rodrigo Vera 
999 |c 360470  |d 360468